Taste Back - Harry Styles (All Lyrics) - Statistics

General Stats
  • This quiz has been taken 51 times
  • The average score is 336 of 373
Answer Stats
Lyrics % Correct
a
97%
back
97%
back?
97%
Did
97%
did
97%
do
97%
Just
97%
just
97%
little
97%
love?
97%
love,
97%
love
97%
need
97%
Or
97%
taste
97%
you
97%
You
97%
you)
97%
you--?
97%
(You,
97%
get
94%
I
94%
like
94%
Like
94%
out
94%
Paris
94%
talk
94%
Talk
94%
that
94%
your
94%
be
91%
if
91%
in
91%
in?
91%
lonely
91%
Must
91%
call
89%
It
89%
it
89%
it?
89%
me
89%
me,
89%
so
89%
So
89%
to
89%
was
89%
go
86%
the
86%
time,
86%
and
83%
And
83%
can
83%
Is
83%
no
83%
this
83%
tough
83%
we
83%
with
83%
again"
80%
again
80%
again?
80%
baby
80%
baby?
80%
But,
80%
but
80%
"here
80%
take
80%
tell
80%
when
80%
friends
77%
sweet
77%
been?
74%
confidence
74%
favorite
74%
high
74%
know
74%
Not
74%
old
74%
pastries
74%
quite
74%
sour
74%
called
71%
find
71%
Handling
71%
(It's
71%
it's
71%
school
71%
times
71%
Always
69%
European
66%
settling
66%
all
63%
common
63%
consequence
63%
how've
63%
sense
63%
drinking
60%
on
60%
two
60%
Where'd
57%
starting
54%
come
51%
Dinners
51%
tongues,
51%
white,
49%
No matching quizzes found
Score Distribution
Percent of People with Each Score
Percentile by Number Answered
Your Score History
You have not taken this quiz